|
|
|
|
| LEADER |
00000nab a2200000 a 4500 |
| 001 |
vtls009191953 |
| 003 |
SK-MaSNL |
| 005 |
20260304154300.0 |
| 008 |
250507c2007 xo |||||||||||000 b|slo |
| 015 |
|
|
|a SNBRB2008/03
|2 snkbucl
|
| 035 |
|
|
|a (uuid)9c964ff0-30b1-442d-93a9-21240c79ab15
|
| 035 |
|
|
|a urn:nbn:sk:snk-ab11y3
|
| 035 |
|
|
|a (urnnbn)urn:nbn:sk:snk:ar-a06ldl
|
| 038 |
|
|
|a SNKBUCL
|
| 040 |
|
|
|a SNKBUCL
|b slo
|c SNKBUCL
|e AACR2
|
| 041 |
0 |
|
|a slo
|b eng
|
| 044 |
|
|
|a xo
|c SK
|
| 080 |
|
|
|a 556.53:556.3
|x (437.6)
|2 2001
|
| 080 |
|
|
|a 556.3
|2 2001
|
| 100 |
1 |
|
|a Dulovičová, Renáta
|4 aut
|9 12155
|
| 245 |
1 |
0 |
|a K určovaniu zmien priesaku z interakcie povrchových tokov s podzemnou vodu
|c Renáta Dulovičová, Karol Kosorin
|
| 300 |
|
|
|b Sch., tab.
|
| 504 |
|
|
|a Bibliogr. odkazy
|
| 546 |
|
|
|a Res. angl.
|
| 650 |
0 |
7 |
|a povrchové vody
|2 snkbucl
|9 29361
|
| 650 |
0 |
7 |
|a podzemné vody
|2 snkbucl
|9 3610
|
| 650 |
0 |
7 |
|a vodné kanály
|2 snkbucl
|9 83940
|
| 650 |
0 |
7 |
|a prietok
|2 snkbucl
|9 224767
|
| 651 |
|
7 |
|a Žitný ostrov (Slovensko)
|2 snkbucl
|9 18362
|
| 700 |
1 |
|
|a Kosorin, Karol,
|d 1936-
|4 aut
|9 112173
|
| 773 |
0 |
|
|t Acta hydrologica slovaca
|g Roč. 8, č. 2 (2007), s. 245-253
|x 1335-6291
|
| 850 |
|
|
|a Slovenská národná knižnica
|
| 852 |
|
|
|a Slovenská národná knižnica
|
| 954 |
|
|
|a odborná, vedecká literatúra pôvodná (slovenská)
|2 lita
|
| 958 |
|
|
|a article27
|
| 958 |
|
|
|a NB
|
| 958 |
|
|
|a SK
|
| 958 |
|
|
|a OND
|
| 958 |
|
|
|a EUIPO
|
| 999 |
|
|
|c 2956949
|d 2958879
|